Quick Pick: US State By Direction Quiz Stats

 Plays Quiz Updated Sep 25, 2016

Challenge
Share
Tweet
Embed
Score 0/10 Timer 01:00
0 Plays Today
% Correct
New Mexico
88.6%
New Hampshire
87.8%
Idaho
85.8%
Michigan
85.3%
Maryland
84.8%
Nebraska
81.4%
Georgia
81%
North Carolina
79.9%
Minnesota
77.8%
Colorado
75.3%

Today's Daily Dose

You're not logged in!

Compare scores with friends on all Sporcle quizzes.
Join for Free
OR
Log In

You Might Also Like...

Show Comments

Extras

Top Quizzes Today


Score Distribution

Your Account Isn't Verified!

In order to create a playlist on Sporcle, you need to verify the email address you used during registration. Go to your Sporcle Settings to finish the process.

Report this User

Report this user for behavior that violates our Community Guidelines.

Details: